Gemeinden von Rohrbach - Statistiken

Allgemein
  • Dieses Quiz wurde 447 mal gespielt
  • Das Durchschnittsergebnis liegt bei 20 aus 37
Antworten auf der Karte
Die Antworten werden auf der Karte rot bzw. grün angezeigt, abhängig davon wie oft sie richtig erraten wurden.
 
Antwortstatistiken
Einwohner Gemeinde % Korrekt
5.160 Rohrbach-Berg
99%
3.216 Aigen-Schlägl
85%
2.540 Haslach an der Mühl
78%
2.829 Ulrichsberg
76%
2.230 Altenfelden
72%
3.778 St. Martin im Mühlkreis
72%
1.152 Arnreit
71%
1.292 Klaffer am Hochficht
68%
2.276 Sarleinsbach
68%
1.281 Neufelden
67%
577 Schwarzenberg am Böhmerwald
66%
1.762 St. Peter am Wimberg
64%
1.584 Helfenberg
62%
1.552 Julbach
59%
1.502 Kollerschlag
58%
712 Oberkappel
57%
1.045 Kirchberg ob der Donau
55%
1.464 Neustift im Mühlkreis
55%
1.016 St. Johann am Wimberg
54%
1.538 Lembach im Mühlkreis
52%
1.543 Peilstein im Mühlviertel
52%
1.538 Putzleinsdorf
52%
1.227 St. Veit im Mühlkreis
51%
1.100 St. Stefan-Afiesl
48%
1.847 Niederwaldkirchen
47%
991 Niederkappel
46%
1.516 Hofkirchen im Mühlkreis
44%
1.465 Pfarrkirchen im Mühlkreis
44%
637 St. Ulrich im Mühlkreis
41%
1.523 Oepping
40%
503 St. Oswald bei Haslach
40%
638 Nebelberg
38%
1.596 Kleinzell im Mühlkreis
32%
558 Auberg
28%
490 Lichtenau im Mühlkreis
25%
440 Atzesberg
24%
406 Hörbich
21%
Keine übereinstimmenden Quizze gefunden
Verteilung der Resultate
Anzahl Personen mit jedem Resultat
Perzentil nach korrekt beantworteten Fragen
Ihre Resultats-Entwicklung
Sie haben dieses Quiz noch nicht gespielt